[Event "Match 78__120'/40"]
[Site "Zurich"]
[Date "2024.??.??"]
[Round "33"]
[White "Saitek D+ EGR 10 MHz"]
[Black "Mephisto Polgar sel. 5"]
[Result "0-1"]
[WhiteElo "1992"]
[BlackElo "1991"]
[Annotator "Utzinger,K"]
[PlyCount "115"]
[EventDate "2024.05.22"]
[EventType "match"]
[SourceVersionDate "2024.04.21"]

{[%evp 0,115,27,19,19,-14,19,19,29,26,49,49,72,48,66,23,23,-3,15,16,16,14,10,19,24,-10,-10,-10,0,-9,-9,-21,-9,-9,-13,-15,13,15,18,6,6,7,38,21,35,0,35,28,31,31,31,-18,4,-89,-89,-101,-101,-89,-25,-25,-21,-21,0,0,25,32,32,31,546,38,96,30,37,37,22,22,55,37,55,14,11,-15,0,-281,-272,-281,-281,-321,-302,-321,-321,-361,-368,-368,-374,-1057,-1057,-1057,-1079,-1076,-1013,-1076,-1013,-1013,-1013,-1013,-1013,-1013,-1241,-1041,-1360,-1591,-1664,-1587,-1715,-1709,-28014,-29967]} 1. d4 d5 {Match 120'/40 | Bediener: Rolf Bühler | 03.09.2024 | Match 120'/40 | 33. Partie: Weiss (Saitek D+) gewinnt | Zwischenstand: 17,5-15,5 (53%) für Mephisto Polgar / hypothetisch: 21-12 (63,6%) für Mephisto Polgar | Eröffnung: Damengambit, Janowski/Larsen Variante | In dieser für beide Programme schwierigen Partie ist es Weiss, der im 41. Zug strauchelt und sich den dumm stehenden Springer h6 einschliessen und erobern lässt. Mit diesem Sieg geht der Mephisto Polgar mit 2 Punkten in Führung.} 2. c4 dxc4 3. Nf3 Nf6 4. e3 Bg4 {Dr. Max Euwe: Theorie der Schach-Eröffnungen: Dieser von Janowski herrührende Läuferzug galt früher als minderwertig und war vollkommen aus der Turnierpraxis verschwunden, als Larsen in Portoroz 1958 gerade in der als widerlegt angesehenen Variante eine unternehmende, mit einem Bauernopfer verbundene Neuerung brachte. Dieses Bauernopfer kommt auf ein echtes Gambit hinaus. Schwarz erhält eine andauernde Initiative und eine wirkliche Entrkräftung wurde bis heute trotz einer grossen Anzahl von Partien, nicht gefunden. In letzter Zeit scheint man gar die Hoffnung auf eine Widerlegung aufgegeben zu haben und versucht nun mit einfachen positionellen Mitteln einen kleinen Eröffnungsvorteil festzuhalten. Das letzte Wort in dieser verwickelten Eröffnung dürfte aber noch keineswegs gesprochen sein. | Sam Collins: Schacheröffnungen richtig verstehen: Schwarz stellt seinen Läufer ausserhalb der Bauernkette auf, aber überraschenderweise verbessert das seine Stellung nicht. Nach 6.h3 Lh5 7.Sc3 gefolgt von 0-0 und e4 übernimmt Weiss die Kontrolle im Zentrum. | Siegbert Tarrasch: Das ist ganz verfehlt, da es den b-Bauern ungedeckt lässt, der bald angegriffen wird. | Utzinger,K: Die viel zu dogmatische Einschätzung von Tarrasch hat sich nicht durchgesetzt, weil der angesprochene Angriff auf den Bauern b7 dem Schwarzen keine Probleme bereitet, sofern dieser Bauern geopfert wird. Bei der rein statistischen Auswertung von ChessBase ergibt sich kein grosser Unterschied zur Hauptvariante 3...e6 mit 15'293 Partien, Elo Durchschnitt 2264, Gewinnquote Weiss 57.9% und 4...Lg4 mit 4'485 Partien, Elo Durchschnitt 2231, Gewinnquote Weiss 57%. Dann noch die Erwartungswerte von Stockfish 16.1 zu 3...e6: = (0.21) (53% +7% =92% -2%) Depth: 43/66 UND zu 3...Lg4: +/= (0.47) (57% +15% =85% -1%) Depth: 43/70. Übrigens hat auch ex-WM Boris Spassky gegen hochkarätige Gegner in 9 Partien zu diesem System gegriffen mit dem Ergebnis von 5 : 4 (+4 =2 -3) und aus 5 Partien mit Weiss ein 3 : 2 (+1 =4 -0) erzielt.} 5. Bxc4 {Droht Bauerngewinn mit Lxf7+ Kxf7, Se5+ Ke8, Sxg4.} e6 {***ENDE BUCH*** +/= (0.49) (57% +15% =84% -1%)} 6. Nc3 {***ENDE BUCH*** +/= (0.48 ++) (57% +15% =85% -1%)} (6. h3 {ist neben 6.Sc3 oder 6.0-0 die meist gespielte Fortsetzung, die Schwarz zwingt, auf f3 ungünstig zu tauschen oder den Läufer nach h5 zurückzuziehen, wo er dann oftmals dem Angriff g2-g4 ausgesetzt ist. Der Damenzug 6.Db3 führt meistens zu ähnlichen Stellungen wie unter 6.h3 angegeben, einfach ohne den Einschub 6.h3 Lh5.} Bh5 {Und hier sind die folgenden der wichtigsten Fortsetzungen bekannt: 7.a4 | 7.0-0 | und 7.Db3 auf den ich aus historischen Gründen näher eingehe:} 7. Qb3 {Dr. Max Euwe, Theorie der Schach-Eröffnungen: Dieser Damenzug galt jahrzehntelang als Widerlegung und bildet auch heute noch eine kritische Variante.} Bxf3 8. gxf3 Nbd7 {Dr. Max Euwe, Theorie der Schacheröffnungen: Larsen's ergiebige Neuerung. Die Verteidigung des Bauern b7 überlässt dem Weissen eine klare Initiative.} 9. Nc3 {Glicoric/Matanovic, Interzonenturnier Portoroz 1958: Es gibt keinen Grund, warum Weiss nicht nach b7 schlagen dürfte. Aber ein Schachspieler mit einem Angriffsstil wie Szabo liebt es mehr, dass er selbst opfert, als dass er dem Gegner die Initiative überlässt.} (9. Qxb7 c5 10. Nc3 cxd4 11. exd4 Bd6 {und auch hier attestiert Stockfish 16.1 völligen Ausgleich: = (0.12 --) (51% +4% =94% -2%) Depth: 59/80}) 9... Nb6 10. Be2 Be7 11. f4 c5 12. Bf3 O-O 13. dxc5 Bxc5 14. Bd2 Qe7 15. Rg1 Rfd8 16. Rg5 Rac8 17. O-O-O h6 18. Rg2 Qd7 19. Kb1 Qxd2 20. Rxd2 Rxd2 21. Na4 Nxa4 22. Qxa4 Be7 23. Rg1 Rxf2 24. Bxb7 Rc7 25. Qxa7 Nd7 26. Rc1 Rxc1+ 27. Kxc1 Bc5 28. Qa8+ Kh7 29. Kb1 Bxe3 30. a4 f5 31. Bc8 Nc5 32. b4 Rf1+ 33. Ka2 Rf2+ 34. Kb1 Rf1+ 35. Ka2 Rf2+ 36. Kb1 {½-½ (36) Szabo,L-Larsen,B Portoroz 1958}) 6... c5 7. O-O {Alternativen sind:} (7. Qa4+ Nbd7 {1-0 (41) Parkhov,Y (2513)-Huschenbeth,N (2607) Orosei 2024}) (7. h3 Bh5 {½-½ (28) Schmidt,L (2402)-Williamson,H (2537) ICCF email 2016}) 7... Nc6 {Der Bauernvorstoss ...a6 ist üblicher.} (7... a6 8. h3 Bh5 9. dxc5 Qxd1 10. Rxd1 Bxc5 11. g4 Bg6 12. Nh4 Bc2 13. Rd2 g5 14. Rxc2 gxh4 15. Na4 Nbd7 16. Bxe6 fxe6 17. Nxc5 Rc8 18. Nxd7 Rxc2 19. Nxf6+ Ke7 20. Ne4 Rhc8 21. Nc3 Rf8 22. Ne4 Rfc8 23. Nc3 Rf8 24. Ne4 {½-½ (24) Polgar,Z (2535)-Murshed,N (2510) Brno 1991}) 8. Bb5 {Eine Neuerung, denn dazu habe ich in meinen Datenbanken keine Partie gefunden. Stockfish 17 SE schlägt 8.d5 oder 8.h3 als Verbesserung vor.} cxd4 9. exd4 Be7 10. h3 Bxf3 11. Qxf3 O-O 12. Bxc6 bxc6 13. Qxc6 Qxd4 $11 {Nachdem sich der Pulverdampf verzogen hat, steht es ausgeglichen.} 14. Be3 Qb4 15. Rab1 Rfc8 16. Qf3 Bd6 17. Rfe1 a6 18. Bg5 Nd7 19. Red1 Ne5 20. Qe2 Nc4 21. b3 Nb6 {Mindestens ebenbürtige Alternativen stehen mit 21...Lf8 oder 21...Dxc3 zur Verfügung.} 22. Rbc1 $11 Rc7 $6 $16 {Eine besser ausgleichende Wirkung hätte 22...Lf4 = gehabt. Denn nun könnte Weiss mit 23.Ld2 klaren Vorteil erhalten: +/- (1.48) (95% +91% =9% -0%) Depth: 51/108} 23. Ne4 Be5 24. Rxc7 Bxc7 25. Qg4 Nd5 26. Bf6 Qf8 27. Rc1 Bf4 28. Rd1 Rc8 29. Qf3 Rc2 30. a4 gxf6 31. Rxd5 exd5 32. Nxf6+ Kh8 33. Qxf4 Qc5 34. Qg3 $11 Qc8 $2 $16 {Danach erhöht sich der Erwartungswert für Weiss von 50% auf 62%.} ({Stockfish 16.1:} 34... Qf8 35. Qe5 Rc6 36. Nxd5+ f6 37. Qe4 Qb8 38. Nf4 Rc8 39. Qf3 Qe5 40. Kh2 Rc1 41. b4 Ra1 42. g3 Qe1 43. Ne2 Kg7 44. b5 axb5 45. axb5 h5 46. g4 h4 47. Qb7+ Kh6 48. g5+ fxg5 49. Qc6+ Kh7 50. Qe4+ Kh6 51. Qe6+ Kg7 52. Qe5+ Kh7 {[%eval 0,46] [%wdl 4,992,4]}) 35. Nxd5 $2 $11 {Aber Weiss findet die beste Antwort 35.Dg5 nicht und die Stellung bleibt ausgeglichen.} Qe6 36. Ne3 Rc8 37. Qf4 Kg8 38. Nf5 Kh8 39. Nh6 f6 40. Kh1 Rf8 {[#]} 41. Qg3 $2 {[%mdl 2] Schlicht ein Verlustzug, während nach 41.Db4 alles im Lot bliebe.} ({Stockfish 16.1:} 41. Qb4 Rd8 42. Qb7 Rd1+ 43. Kh2 Rb1 44. b4 Rb2 45. f4 Rd2 46. Nf7+ Kg7 47. Ne5+ Kh6 48. Nf3 Rd8 49. Nh4 Rd4 50. Qb8 Kg7 51. b5 axb5 52. axb5 Qe4 53. Qc7+ Kh6 54. Kg3 Qe1+ 55. Kg4 Qe2+ 56. Kg3 {[%eval 0,44] [%wdl 3,994,3]}) 41... f5 $1 {So bleibt der weisse Springer auf h6 eingeschlossen und geht dieser zwingend verloren, weil die Drohung ...Tf6 nicht abgewehrt werden kann und selbst der Damentausch nichts ändern kann.} 42. Qf4 (42. Qc3+ Qf6 43. Qxf6+ (43. Qe3 Kg7 $19) 43... Rxf6 $19) 42... Rf6 43. Qb8+ Kg7 {Und schon ist es passiert.} 44. Nxf5+ {erzwungen} Qxf5 {Weiss hat für den Turm nur 3 Bauern, aber wir setzen das chancenlose Spiel für Weiss fort.} 45. Qb7+ Kh6 46. f3 Qc2 47. Kg1 Rg6 {Schwarz hat Mattangriff.} 48. f4 Qc1+ 49. Kh2 Qxf4+ 50. Kg1 Rd6 51. Qf3 Qxf3 52. gxf3 Rb6 53. Kf2 Rxb3 54. Kg2 Ra3 55. Kh2 Rxa4 56. Kg3 a5 57. Kf2 Rb4 58. Ke3 {***AUFGEGEBEN***} 0-1

[Event "Match 78__120'/40"]
[Site "Zurich"]
[Date "2024.??.??"]
[Round "34"]
[White "Mephisto Polgar sel. 5"]
[Black "Saitek D+ EGR 10 MHz"]
[Result "0-1"]
[WhiteElo "1991"]
[BlackElo "1992"]
[Annotator "Utzinger,K"]
[PlyCount "121"]
[EventDate "2024.05.22"]
[EventType "match"]
[SourceVersionDate "2024.04.21"]

{[%evp 0,121,28,41,41,7,14,15,5,33,24,23,23,28,28,31,37,34,15,9,13,9,9,4,-2,3,-5,-5,1,-21,17,-2,1,1,19,12,27,7,36,22,38,34,42,49,46,41,59,49,49,16,38,54,44,66,61,73,70,9,32,0,0,6,4,-23,-27,-27,-22,-50,-67,-120,-119,-124,-124,-223,-270,-270,-307,-307,-300,-295,-298,-306,-297,-320,-325,-341,-258,-292,-305,-299,-218,-233,-233,-226,-256,-264,-267,-286,-236,-277,-307,-321,-332,-366,-417,-460,-450,-532,-549,-597,-657,-678,-508,-556,-544,-650,-652,-710,-702,-707,-810,-1420,-1735,-29965]} 1. e4 c5 {Match 120'/40 | Bediener: Rolf Bühler | 06.09.2024 | 34. Partie: Schwarz (Saitek D+) gewinnt | Zwischenstand: 17,5-16,5 (51,4%) für Mephisto Polgar / hypothetisch: 21-13 (61,7%) für Mephisto Polgar | Eröffnung: Sizilianisch Verteidigung. Alapin Variante | Eine von Beginn weg sehr ruhige Partie. Aber wie der Mephisto Polgar zeigt, kann man auch in harmlosen Stellungen tödlich fehlgreifen. Nach 34.Lc5? geht es rapide abwärts für Weiss und der Saitek D+ gewinnt ohne Probleme.} 2. c3 Nf6 (2... d5 {ist die andere Hauptfortsetzung} 3. exd5 Qxd5 4. d4 {was zu einem völlig anderen Stellungstyp führt.}) 3. e5 Nd5 4. d4 cxd4 5. cxd4 {***ENDE BUCH*** = (0.00) (50% +3% =93% -3%)} (5. Qxd4 {ist, wie auch 5.Sf3, ebenfalls gut spielbar.} e6 6. Nf3 Nc6 7. Qe4 {1-0 (30) Nakamura,H (2788)-Vachier Lagrave,M (2731) Toronto 2023}) 5... Nc6 {Hier sind 5...d6 oder 5...e6 gute Alternativen.} 6. Nf3 d6 7. Bc4 Nb6 8. Bb5 dxe5 9. Nxe5 Bd7 {***ENDE BUCH*** = (0.00) (50% +3% =95% -3%)} 10. Nxd7 Qxd7 11. O-O e6 12. Nc3 Be7 13. Be3 O-O 14. Qh5 Rac8 15. Rad1 Nd5 16. Nxd5 Qxd5 17. Qxd5 exd5 $11 {Die Stellung befindet sich im ungefähren Gleichgewicht. Zwar hat Weiss das Läuferpaar, aber der weisse d4-Bauer ist anfälliger als sein gegnerischer Kollege auf d5.} 18. Be2 Rfe8 {Kein Fehler, aber ungenau, denn bei dem zu erwartenden weissen Angriff auf den d5-Bauern gehören die schwarzen Türme nach d8 und c8, so dass nach ...Lf6 die weissen Kräfte an den d4-Bauern gebunden bleiben.} 19. Bf3 Rcd8 20. Rc1 h6 21. Rfd1 a6 22. h3 $11 {Noch immer befindet sich die Stellung im Gleichgewicht.} a5 $6 {Nach 21...a6 nun 22...a5 zeugt von Planlosigkeit.} 23. Kh2 a4 {Die damit geplante Aktion kann nur zugunsten von Weiss ausfallen.} 24. Kg3 {Dieses dubiose Königsmanöver soll verstehen, wer will.} a3 25. Rb1 axb2 26. Rxb2 $14 {Nun steht Weiss leicht besser.} Bd6+ 27. Kg4 $14 {Dass diesem seltsam postierten König nichts passiert, ist wohl rein zufällig. Bewertung +/= (0.49 ++) (53% +6% =94% -0%): 27...Sb4} Bb4 $6 $16 {Das ist weniger gut, so dass Weiss nun klar besser zu stehen kommen sollte. Die Bewertung der Engine springt nach oben: +/- (1.57) (98% +95% =5% -0%): 28.h4} 28. Rdb1 $6 $11 {Damit ist kein Blumentopf zu gewinnen und der Vorteil weg. 28.h4 war angezeigt.} Bc3 29. Rxb7 Bxd4 30. R1b5 Ne5+ 31. Kg3 Nxf3 32. Kxf3 Bc3 33. Bb6 Rd6 $11 {[#]} 34. Bc5 $2 $19 {[%mdl 2] Macht aus einer gleichen eine verlorene Stellung. Stattdessen wäre nach 34.g4 noch immer nichts los.} Rf6+ 35. Kg3 Re2 {Die tödliche Drohung ...Le5+ kann nur noch unter Hergabe von Material behoben werden.} 36. Rd7 Be5+ 37. f4 Rxf4 38. Rxd5 Rf5+ 39. Rxe5 {erzwungen} (39. Kg4 h5+ 40. Kh4 Rxg2 $19 {nebst Matt in wenigen Zügen.}) (39. Kh4 Rxg2 40. Rd8+ Kh7 $19 {und wieder Matt in wenigen Zügen}) 39... Rfxe5 40. a4 Rg5+ 41. Kf4 Rexg2 42. Bd4 Rxb5 43. axb5 Rg5 44. b6 Rb5 {Die weisse Lage mit Qualität und Bauer weniger ist natürlich hoffnungslos.} 45. Ke4 Kf8 46. Kd3 Ke7 47. Kc4 Rb1 48. Kc5 Rc1+ 49. Kb5 Kd6 50. Bxg7 Rb1+ 51. Ka5 h5 52. Bd4 Kc6 53. h4 f5 54. Be3 Rb2 55. Bd4 Ra2+ 56. Kb4 f4 57. Kb3 Rh2 {Rems 150824-avx2 zeigt ein Matt in 18 Zügen an.} 58. Kc4 f3 59. Kd3 Ra2 60. Ke4 Ra4 61. b7 {***AUFGEGEBEN***} 0-1

[Event "Match 78__120'/40"]
[Site "Zurich"]
[Date "2024.??.??"]
[Round "35"]
[White "Saitek D+ EGR 10 MHz"]
[Black "Mephisto Polgar sel. 5"]
[Result "0-1"]
[WhiteElo "1992"]
[BlackElo "1991"]
[Annotator "Utzinger,K"]
[PlyCount "179"]
[EventDate "2024.05.22"]
[EventType "match"]
[SourceVersionDate "2024.04.21"]

1. e4 e5 {Match 120'/40 | Bediener: Rolf Bühler | 09.09.2024 | 35. Partie: Schwarz (Polgar) gewinnt | Zwischenstand: 18,5-16,5 (52,8%) für Mephisto Polgar / hypothetisch: 22-13 (62,8%) für Mephisto Polgar | Eröffnung: Wiener Partie | Der letzte Buchzug 4.d4? ist einfach schwach, so dass der Saitek D+ von Beginn weg gegen eine drohende Niederlage kämpfen muss. Mit dem schwachen 16...La6? wendet sich aber das Blatt zugunsten von Weiss. Und bald einmal war nicht mehr daran zu zweifeln, dass dieses Mal der Saitek D+ als Sieger vom Platz gehen wird. Jedoch weit gefehlt: Zuerst setzt Weiss seine Vorteile in den Sand, um dann aber mit 58.Kg2? gar selbst in eine hoffnungslose Situation zu geraten. So kann das Programm von Ed Schröder seinen Vorsprung auf zwei Punkte ausbauen.} 2. Nc3 Nf6 3. f4 d5 {***ENDE BUCH*** = (-0.08) (49% +3% =92% -5%)} 4. d4 $2 {***ENDE BUCH*** -/+ (-1.33) (13% +0% =26% -74%) Ein echt schlechter Buchzug, wonach Schwarz sofort deutlich besser zu stehen kommt. In der Folge vergibt aber der Mephisto Polgar seine Vorteile, um schliesslich mit 16...La6? selbst ins Fettnäpfchen zu treten. Im weiteren Verlauf zweifelt eigentlich niemand mehr, dass dieses Mal der Saitek D+ den Sieg einfahren würde. Weit gefehlt, denn nach zwei weiteren nicht genutzten Gewinnmöglichkeiten macht gar Weiss mit 58.Kg2? Selbstmord und muss eine bittere Niederlage einstecken.} exd4 5. Qxd4 $17 dxe4 $6 $15 {schade} ({Deutlich stärker ist} 5... Nc6 {Bewertung -1.46(9%) bei ST 44}) 6. Bb5+ $2 {Das sollte zu klarem Vorteil für Schwarz führen. -+ (-1.67) (5%)} ({Den Schaden in Grenzen hält} 6. Qxd8+ Kxd8 7. Bd2 c6 $15) 6... c6 7. Qxd8+ Kxd8 8. Bc4 Ke8 9. Nge2 ({Das präventive} 9. a4 {ist stärker.}) 9... b5 10. Bb3 b4 ({Kräftiger ist} 10... a5 11. a3 Bc5 $17) 11. Na4 Nbd7 12. Be3 {Sowohl 12.Sd4 als auch 12.0-0 sind etwas genauer.} Nd5 13. Bd4 Bd6 $6 $11 {Vergibt einen grossen Teil seines Vorteils. Allerdings ist das g2-g4 hemmende und komplexe 13...h5! durch unsere Oldies nicht zu finden.} 14. Rd1 ({Schlecht ist} 14. Bxg7 $2 Rg8 15. Bd4 Rxg2 $19 {mit schon fast entscheidendem Vorteil für Schwarz.}) 14... Rg8 15. Ng3 $1 Bxf4 16. Nxe4 $14 {[#]} Ba6 $2 {[%mdl 2] Verhindert die weisse Rochade, gerät aber in grosse Schwierigkeiten, wobei die beste Verteidigung 16...Kd8 alles andere als offensichtlich ist.} ({Rems 150824-avx2:} 16... Kd8 {= (0.15 --) (51% +2% =98% -0%) Depth: 52/67} 17. O-O Be3+ 18. Kh1 Bxd4 19. Rxd4 Re8 20. Rxf7 Re7 21. Rf1 Kc7 22. c3 a5 23. Bxd5 cxd5 24. Nd2 Re2 25. Rc1 Kd6 26. Rd1 Nf6 27. cxb4 axb4 28. Rxb4 Ng4 29. Kg1 Ne3 30. Ne4+ Ke7 31. Rd2 Rxd2 32. Nxd2 Nc2 33. Rh4 Bf5 34. Rf4 Bg6 35. h4 d4 36. b3 Be8 37. Re4+ Kf8 38. Nc5 Rxa2 39. Ne6+ Kg8 40. Nxd4 Bg6 41. Rf4 Ne1 42. N4f3 Nxf3+ 43. Nxf3 h6 44. Ra4 Rb2 45. Ra5 Rxb3 46. h5 {[%eval 15,52] [%wdl 15,982,3]}) 17. Nac5 $1 Bb5 18. a4 $1 bxa3 $18 19. bxa3 $2 $14 {Vergibt fast vollständig seinen entscheidenden Vorteil und zeigt, dass die starke Fortsetzung 18.a4! aus dem falschen Grund gespielt wurde. Es gewinnt 19.c4! Sxc5 20.Lxc5 Lxc4 21.Lxc4 axb2 22.0-0 +- wobei die Gewinnführung für unsere Oldies noch eine Herausforderung wäre.} {[#]} N7b6 $2 {[%mdl 2] Stürzt erneut in eine verlorene Stellung.} (19... Nxc5 20. Nxc5 Ne3 21. Rb1 Nf5 (21... Nxg2+ $2 22. Kf2 $18) 22. Bg1 Ne3 23. g3 Bh6 24. h4 $16 {und auch wenn Schwarz einen schweren Stand hat, ist die Sache noch gar nicht entschieden.}) 20. g3 Bc7 21. Nd2 $1 {Mit der Doppeldrohung c2-c4 oder a2-a4 mit jeweils Figurengewinn. Eine genügende Verteidigung ist nicht in Sicht.} Nd7 22. Nxd7 Kxd7 23. c4 Bb6 24. Nf3 ({Noch stärker ist} 24. Bxb6 axb6 (24... Nxb6 25. cxb5 $18) 25. cxb5 Ne3 (25... Rxa3 $4 26. bxc6+ Kxc6 27. Bxd5+ Kxd5 28. Nb1+ Kc6 29. Nxa3 $18) 26. Rc1 cxb5 27. Rc3 Rge8 28. Kf2 $18) 24... Bxd4 25. Rxd4 Rge8+ 26. Kf2 Rab8 {Bewertung: +- (3.60) (100%)} 27. cxd5 $2 {+/= (0.68) (57%) Ein schrecklicher Zug, nachdem aus einem klaren Gewinn nur noch eine bessere Stellung resultiert. Die Engine gibt mindestens 4 Fortsetzungen an, die kinderleicht gewinnen: 27.Thd1 | 27.Td2 | 27.cxb5 | 27. Sd2, aber keine lässt freiwillig den gegnerischen Turm auf e2 eindringen.} Re2+ 28. Kg1 {[#]} c5 $2 {[%mdl 2] Der Mephisto Polgar stürzt zum 3. Mal in dieser Partie in das Elend.} ({Richtig} 28... Bc4 $3 {aber diese taktische Bombe ist nicht nur für das Programm von Ed Schröder unerreichbar.} 29. Rxc4 Rxb3 30. Kf1 (30. dxc6+ Kc7 31. Kf1 $11) 30... Ra2 31. dxc6+ Kc7 32. Ne1 Rbb2 33. Rf4 f6 34. a4 Kxc6 35. h4 h5 36. g4 a5 37. gxh5 Rb4 $11) 29. Rd2 Re3 30. Bd1 Rxa3 31. Kg2 ({Noch stärker ist} 31. Ne5+ Ke8 32. Kg2 f6 33. Nc6 Rb6 34. Re1+ Kf8 35. Bf3 $18) 31... Kd6 32. Ng5 Rd3 33. Nxf7+ Kxd5 34. Bf3+ Kd4 35. Rf2 Re3 36. Ra1 a6 37. Ng5 h6 38. Nf7 $2 {Vergibt jeglichen Vorteil, wobei es für Oldies bereits schwierig sein dürfte, mit Weiss noch einen Sieg herauszuquetschen.} ({Rems 150824-avx2:} 38. Nh3 {+- (1.83) (99%)} g5 39. Ng1 c4 40. Rc2 Kc5 41. Ne2 Rd8 42. Nc1 Re7 43. Be2 Rde8 44. Bf1 Kd4 45. Ne2+ Kc5 46. Rac1 Kb4 47. Nd4 Re1 48. Rxc4+ Bxc4 49. Nc2+ Kb3 50. Bxc4+ Kxc4 51. Nxe1+ Kb3 52. Nf3 a5 53. Rc6 a4 54. Nd4+ Kb2 55. Rb6+ Kc3 56. Nb5+ Kb4 57. Nc7+ Kc5 58. Rxh6 Re1 {[%eval 183,40] [%wdl 989,11,0]}) 38... Bd3 39. Ra4+ Rb4 40. Ra5 Re1 41. Nd8 Rbb1 42. Bc6 Bf1+ 43. Kf3 Bd3 44. Bd7 Re3+ 45. Kg2 Rb6 46. Bg4 Re8 $2 {Schwarz lässt sich wieder in eine schlechte Stellung drängen.} ({Rems 150824-avx2:} 46... g5 47. Bf5 c4 {= (0.00) (50%) ST 55}) ({Rems 150824-avx2:} 46... c4 47. Bf3 Rxf3 48. Kxf3 Rd6 {= (0.00) (50%) ST 55}) 47. Rf4+ Ke3 48. Rf3+ Kd4 49. Rf4+ Ke3 50. Nf7 $2 $11 ({Nach} 50. Ne6 $1 Rexe6 51. Bxe6 Rxe6 52. Rxc5 $16 {hat Weiss gute Gewinnchancen.}) 50... g5 51. Rf3+ Kd4 52. Rf2 Re1 53. Ra4+ c4 54. Bc8 Be4+ 55. Kh3 Bd5 56. Bg4 Be4 57. Rd2+ Bd3 {[#]} 58. Kg2 $2 {[%mdl 32770] Und nun ist es gar Weiss, der in eine verlorene Stellung gerät.} (58. Bf5 Kc3 59. Bxd3 cxd3 60. Rda2 d2 61. R4a3+ Kb4 62. Ra4+ {und erzwingt Dauerschach} Kb5 63. Ra5+ Kb4 64. R5a4+ {usw.}) 58... Rf6 {Auch 58...Te3 gewinnt} 59. Nd8 Ke3 {Droht ...Lf1+, Kg1 Lh3 Matt} 60. Rxd3+ {Alles andere ist noch schlechter.} cxd3 61. Ra3 Rf2+ 62. Kh3 Rh1 63. Bh5 Rfxh2+ 64. Kg4 Rxh5 $19 {Nun ist endgültig alles klar: Für seinen Springer besitzt Schwarz Turm plus 3 Bauern.} 65. Ne6 R5h2 66. Nc5 Rd2 67. Rxa6 Rc2 68. Re6+ Kd4 69. Nb3+ Kc4 70. Rb6 d2 71. Nxd2+ Rxd2 {Nun hätte niemand reklamiert, wenn Rolf Bühler den Netzstecker gezogen hätte.} 72. Rc6+ Kd5 73. Rc7 Ra2 74. Rh7 Ra4+ 75. Kf3 g4+ 76. Kg2 Rh3 77. Rd7+ Ke6 78. Rd3 Ra2+ 79. Kg1 Rhh2 80. Re3+ Kd5 81. Re7 Rag2+ 82. Kf1 Rxg3 83. Rd7+ Ke6 84. Ra7 h5 85. Ra6+ Ke5 86. Ra5+ Kf4 87. Ra4+ Kg5 88. Ra5+ Kh4 89. Re5 Ra3 90. Kg1 {***AUFGEGEBEN***} 0-1